Szczegóły MARC21

Handbuch Translation /

003 -Nazwa inst., której nr kontr. jest w polu 001 [,]
    • @
    • Nazwa instytucji, której n kontrolny jest w polu 001
    • NUKAT
005 -DATA I CZAS OSTATNIEJ MODYFIKACJI [,]
    • @
    • pole kontrolne
    • 20241231105243.0
020 -Międzynarod. znormalizowany nr książki - ISBN [ , ]
    • a
    • Numer ISBN
    • 3860579924 Find
    • q
    • Dopowiedzenie
    • kt.
020 -Międzynarod. znormalizowany nr książki - ISBN [ , ]
    • a
    • Numer ISBN
    • 3860579959 Find
    • q
    • Dopowiedzenie
    • geb.
020 -Międzynarod. znormalizowany nr książki - ISBN [ , ]
    • a
    • Numer ISBN
    • 9783860579923 Find
    • q
    • Dopowiedzenie
    • kt.
020 -Międzynarod. znormalizowany nr książki - ISBN [ , ]
    • a
    • Numer ISBN
    • 9783860579954 Find
    • q
    • Dopowiedzenie
    • geb.
040 -Instytucja sporządzająca opis [ , ]
    • a
    • Instytucja, która sporządziła opis (NP)
    • KAT U/46MM
    • c
    • Instytucja, która sporządziła rekord (NP)
    • KAT U/46MMs
    • d
    • Instytucja, która zmodyfikowała rekord (P)
    • KAT U/46MM
    • d
    • Instytucja, która zmodyfikowała rekord (P)
    • SZCZ U/KP
041 -Język dokumentu [0, ]
    • a
    • Język tekstu (P)
    • niemiecki
    • a
    • Język tekstu (P)
    • angielski
942 -Rodzaj dokumentu [ , ]
    • c
    • Rodzaj dokumentu
    • Książka
245 -Strefa tytułu i oznaczenia odpowiedzialności [0,0]
    • a
    • Tytuł
    • Handbuch Translation / Find
    • c
    • Pozostałe elementy strefy tytułu i oznaczenia odpowiedzialności (NP)
    • Hrsg. Mary Snell-Hornby [et al.].
250 -Strefa wydania [ , ]
    • a
    • Oznaczenie wydania (NP)
    • Unveränd. Nachdr. der 2. Aufl. 1999.
260 -Strefa adresu wydawniczego [ , ]
    • a
    • Miejsce wydania (P)
    • Tübingen :
    • b
    • Nazwa wydawcy (P)
    • Stauffenburg Verlag,
    • c
    • Data wydania (P)
    • cop. 2006.
300 -Strefa opisu fizycznego [ , ]
    • a
    • Określenie formy książki i/lub objętość (NP)
    • XII, 434 s. :
    • b
    • Oznaczenie ilustracji (NP)
    • tab., wykr. ;
    • c
    • Format (NP)
    • 25 cm.
336 -Typ zawartości [ , ]
    • a
    • Termin opisujący typ zawartości
    • Tekst
    • b
    • Kod określający zawartość
    • txt
    • 2
    • Źródło (terminu i kodu)
    • rdacontent
337 -Typ mediów [ , ]
    • a
    • Tryb odtwarzania
    • Bez urządzenia pośredniczącego
    • b
    • Kod typu mediów
    • n
    • 2
    • Źródło (terminu i kodu)
    • rdamedia
338 -Typ/rodzaj nośnika [ , ]
    • a
    • Hasło opisujące typ nośnika
    • Wolumin
    • b
    • Kod typu nośnika
    • nc
    • 2
    • Źródło (terminu i kodu)
    • rdacarrier
490 -Strefa serii i książki wielotomowej - forma nie do wyszukiwania [1, ]
    • a
    • Tytuł (P)
    • Stauffenburg Handbücher, Find
    • x
    • ISSN (NP)
    • 1612-5673
830 -Hasło dodatkowe serii i opisu książki wielotomowej - tytuł ujednolicony/tytuł [ ,0]
    • a
    • Tytuł ujednolicony/tytuł (NP)
    • Stauffenburg Handbücher
    • x
    • ISSN
    • 1612-5673
    • 9
    • KHW
    • 452207
500 -Uwaga ogólna [ , ]
    • a
    • Uwaga ogólna (NP)
    • Druk dwuszpaltowy.
504 -Uwaga dot. bibliogr. załącznikowej [ , ]
    • a
    • Uwaga dot. bibliografii załącznikowej
    • Bibliogr. przy rozdz. Indeks.
546 -Uwaga dot. języka [ , ]
    • a
    • Uwaga dot. języka
    • Fragmenty kilku art. w jęz. ang.
650 -Hasło przedmiotowe [ ,7]
    • a
    • Hasło przedmiotowe
    • Tłumaczenie.
    • 2
    • Źródło terminu
    • kaba
    • 9
    • KHW
    • 134191
700 -Hasło dodatkowe - nazwa osobowa [1, ]
    • a
    • Nazwa osobowa (NP)
    • Snell-Hornby, Mary Find
    • d
    • Daty biograficzne (NP)
    • (1940- ).
    • e
    • Określenie rodzaju współpracy
    • Red.
    • 9
    • KHW
    • 452206
710 -Hasło dodatkowe - nazwa ciała zbiorowego [2, ]
    • a
    • Nazwa ciała zbiorowego lub nazwa geograficzna jako pierwszy element (NP)
    • Stauffenburg Verlag Brigitte Narr.
    • 4
    • Kod relacji
    • pbl
    • 9
    • KHW
    • 78246
920 -ISBN [ , ]
    • a
    • ISBN
    • 3-86057-992-4 Find
    • q
    • Dopowiedzenie
    • kt.
920 -ISBN [ , ]
    • a
    • ISBN
    • 3-86057-995-9 Find
    • q
    • Dopowiedzenie
    • geb.
920 -ISBN [ , ]
    • a
    • ISBN
    • 978-3-86057-992-3 Find
    • q
    • Dopowiedzenie
    • kt.
920 -ISBN [ , ]
    • a
    • ISBN
    • 978-3-86057-995-4 Find
    • q
    • Dopowiedzenie
    • geb.
Lokalizacja Data inwentaryzacji Status udost. Numer inwentarzowy Sygnatura
BM2018-05-211G.19398GERM. Translatoryka 15